000 02861cam a2200325 4500500
005 20251228053012.0
041 _afre
042 _adc
100 1 0 _aFautrero, Valérie
_eauthor
700 1 0 _aFernandez, Valérie
_eauthor
700 1 0 _aPuel, Gilles
_eauthor
245 0 0 _aLes technologies alternatives à l'usage : à propos d'une expérimentation « satellite/Wi-Fi »
260 _c2008.
500 _a99
520 _aRésuméLa question des technologies « alternatives » d’accès à l’internet haut-débit est au cœur des problématiques d’aménagement des territoires. Mais quel est le caractère « alternatif » de ces technologies ? Participent-elles de dynamiques socio-économiques originales par rapport à des technologies standards ou doit-on y voir un simple néologisme de sens : des solutions de remplacement pour les territoires non desservis par des technologies filaires ? À partir d’une étude empirique réalisée sur trois territoires, ce papier analyse une technologie à « l’usage », le dispositif couplant satellite et Wi-Fi.
520 _aThe question of « alternative » technologies for high-speed internet access is at the heart of territorial development issues. But what is the « alternative » character of these technologies? Compared with standard technologies, are they driven by original socio-economic dynamics or are they only replacement solutions for territories not served by standard technologies? Based on an empirical study carried out on three territories, we analyse the system combining satellite technologies and Wi-Fi, a technology « in use » in its structuring dimensions.
520 _aResumenLa cuestión de las tecnologías « alternativas » de acceso a internet de alta velocidad se encuentra en el centro de las problemáticas de ordenamiento del territorio, ¿pero cuál es el caracter « alternativo » de estas tecnologías ? ¿Ellas participan en dinámicas socio-económicas originales con respecto a las tecnologías standards? ¿O se trata de un simple neologismo de sentido: soluciones alternativas en los territorios que no son cubiertos por las tecnologías de cable? A partir de un estudio empírico realizado en tres zonas, este documento analiza una tecnología a través de su « uso »: el dispositivo que combina satelite y Wi-Fi.
690 _adifférenciation territoriale
690 _ainteraction sociale
690 _aisotropie
690 _atechnologie sans fil
690 _aWi-Fi
690 _aisotropy
690 _asocial interaction
690 _aterritorial differentiation
690 _aWi-Fi
690 _aWireless technology
786 0 _nEspaces et sociétés | 131 | 4 | 2008-02-08 | p. 137-152 | 0014-0481
856 4 1 _uhttps://shs.cairn.info/revue-espaces-et-societes-2007-4-page-137?lang=fr&redirect-ssocas=7080
999 _c1584987
_d1584987